| 000 | 00865nam a2200229 a 4500 | ||
|---|---|---|---|
| 001 | 39149 | ||
| 003 | BD-RjUL | ||
| 005 | 20211209052928.0 | ||
| 008 | 160405s2011 bg a|||e |||| 00| 0 ben d | ||
| 020 |
_a98483095154: _cTK.300.00 |
||
| 035 | _a(BD-RjUL)39261 | ||
| 040 |
_aBD-RjUL _bben _cBD-RjUL |
||
| 041 | _aben | ||
| 082 |
_223 _a891.443 _bGUU 2011 |
||
| 100 |
_aগুপ্ত, ক্ষেত্র. _9117891 |
||
| 245 | 1 | 0 |
_aঔপন্যাসিক শরৎচন্দ্র চট্টোপাধ্যায় / _cক্ষেত্র গুপ্ত |
| 260 |
_aঢাকা : _bবিশ্বসাহিত্য ভবন, _c২০১১ |
||
| 300 |
_a২৩৯ (১) পৃ. : _bচিত্র ; _c২১ সেমি. |
||
| 650 |
_aবাংলা উপন্যাস _9118847 |
||
| 650 |
_aBengali Fiction _9120795 |
||
| 942 |
_2ddc _cBK _02 |
||
| 999 |
_c39149 _d39149 |
||